Kvalita života a životné prostredie

Analýza kvality života, jej vplyv na životné prostredie a porovnanie v krajinách V4.

Guardado en:
Detalles Bibliográficos
Autor principal: Hajduová, Zuzana, 1974-
Otros Autores: Andrejovský, Pavol, 1975-, Gajdoš, Jozef, 1962-2025, Andrejkovič, Marek
Formato: Capítulo de libro
Lenguaje:inglés
Materias:
Etiquetas: Agregar Etiqueta
Sin Etiquetas, Sea el primero en etiquetar este registro!

MARC

LEADER 00000nla$a2200000$$$4500
001 0143374
005 20240502072555.0
041 0 |a eng 
044 |a SK 
245 1 0 |a Kvalita života a životné prostredie  |c Zuzana Hajduová, Pavol Andrejovský, Jozef Gajdoš, Marek Andrejkovič 
520 |a Analýza kvality života, jej vplyv na životné prostredie a porovnanie v krajinách V4. 
610 2 0 |a kvalita života 
610 2 0 |a Európska únia 
610 2 0 |a politika environmentálna 
610 2 0 |a porovnanie medzinárodné 
610 2 0 |a Vyšehradská štvorka 
100 1 |a Hajduová, Zuzana, 1974- 
700 1 |a Andrejovský, Pavol, 1975- 
700 1 |a Gajdoš, Jozef, 1962-2025 
700 1 |a Andrejkovič, Marek